Statistics for Europe's Largest 6-Letter Cities

Click here to take the quiz!

General Stats

  • This quiz has been taken 154 times
  • The average score is 16 of 20

Answer Stats

PopCountryCity% Correct
8.87 milUnited KingdomLondon
99%
12.23 milRussiaMoscow
98%
3.17 milGreeceAthens
98%
3.52 milGermanyBerlin
97%
3.16 milSpainMadrid
97%
1.87 milAustriaVienna
97%
1.75 milPolandWarsaw
96%
1.28 milCzechiaPrague
96%
553 kIrelandDublin
93%
1.45 milGermanyMunich
93%
553 kPortugalLisbon
93%
688 kCroatiaZagreb
87%
970 kItalyNaples
86%
765 kPolandKraków
81%
1.01 milUkraineOdessa
59%
569 kSpainMálaga
58%
557 kGermanyBremen
45%
1.17 milRussiaSamara
35%
540 kPolandPoznań
29%
538 kRussiaRyazan
18%

Score Distribution

Percentile by Number Answered

Percent of People with Each Score

Your Score History

You have not taken this quiz